000 00697nam a2200205 a 4500
001 000401244
003 AM-YeHGA
005 20250617132505.0
008 041227s1894 ||| r 000 0 rus d
040 _aAM-YeHGA
041 0 _arus
100 1 _aЭнгельсъ, Фридрихъ
245 1 0 _aПроисхожденiе семьи, частной собственности и государства /
_cФридрихъ Энгельсъ.
260 _aС.-Петербургъ :
_bБ. и.,
_c1894.
300 _a175 с.
500 _aПер. съ 4-го нем. изд.
653 0 _aИстория - Германия
653 0 _aГермания - История
090 _c153322
999 _c151928
_d151928